| 000 | 00405aas a2200133 4500 | ||
|---|---|---|---|
| 008 | 240229b |||||||| |||| 00| 0 eng d | ||
| 245 | _aJournal : Institute of Muslim minority affairs-Vol. III, no. 2 (Winter 1981) | ||
| 260 |
_aJeddah : _bKing Abdulaziz University, _c1981 |
||
| 300 | _b1-316 p. | ||
| 650 | _aMuslims | ||
| 650 | _aNon-Islamic countries | ||
| 650 | _aReligious minorities | ||
| 942 | _cCR | ||
| 999 |
_c4835 _d4835 |
||